00674nam a22001697a 4500003000500000038001800005082000800023100002700031245015800058264003300216650003900249700004200288856005700330942001200387999001900399952008600418NUST aNusrat Nadeem a200 aMuhammad Usman, 94544 aArtificial Intelligence-Based Monitoring of Greenhouse Gases (GHGs) Emissions from Combustion Processes in a Cement Manufacturing Plant/cUsman, Muhammad aIslamabad:bSCME NUSTc2026. aPhD- Chemical Engineering 9123341 aSupervisor: Dr. Iftikhar Ahmad997150 uhttp://10.250.8.41:8080/xmlui/handle/123456789/57290 2ddccSC c616392d616392 00104070aCLbCLcTHEd2026-02-24l0o200pCLPT-807r2026-02-24w2026-02-24ySC